00359nam a2200121Ia 4500008004100000041000800041082002100049100002200070245006300092260004800155300001300203999002100216231228s1995 xx 000 0 und d aeng a320.5509541bRAD aRADHAKRISHNAN (S) aMahatma Gandhi, Essaysand Reflections on his life an dwork aMumbaibJaico Publishing House Mumbaic1995 axii, 459 c1081913d1081913